|
|
|
|
| LEADER |
00000cam a2200000 4500 |
| 001 |
000042321 |
| 003 |
OCoLC |
| 005 |
20060623060757.0 |
| 008 |
031120s1970 mx b 000-1 spa d |
| 040 |
|
|
|a NVT
|c NVT
|d OCLCQ
|
| 050 |
|
4 |
|a AC75
|b S3 n.138
|
| 090 |
|
|
|a AC75
|b S3 n.138
|
| 099 |
|
|
|a PR5318
|a .S7 1986
|
| 100 |
1 |
|
|a Scott, Walter,
|c Sir,
|d 1771-1832
|
| 245 |
1 |
0 |
|a Ivanhoe, o, El cruzado /
|c Walter Scott ; introducción de Arturo Souto.
|
| 250 |
|
|
|a 2a ed.
|
| 260 |
|
|
|a México, D. F. :
|b Porrúa,
|c 1970.
|
| 300 |
|
|
|a xxix, 275 p. ;
|c 23 cm.
|
| 490 |
0 |
|
|a "Sepan Cuantos ... " ;
|v 138
|
| 504 |
|
|
|a Includes bibliographical references (p. xxix).
|
| 500 |
|
|
|a Translation of: Ivanhoe.
|
| 650 |
|
4 |
|a Gran Bretaña
|x Historia
|x Ricardo I, 1189-1199
|x Novela
|
| 700 |
1 |
|
|a Scott, Walter,
|d 1771-1832
|
| 740 |
0 |
|
|a Ivanhoe o el cruzado
|
| 730 |
0 |
|
|a Ivanhoe.
|l Spanish.
|
| 700 |
1 |
|
|a Soto, Arturo
|
| 830 |
|
0 |
|a "Sepan Cuantos ... " ;
|v 138
|
| 905 |
|
|
|a LIBROS
|
| 949 |
|
|
|a Biblioteca UAM Iztapalapa
|b Colección General
|c AC75 S3 n.138
|